00706cam a22002171 4500001001300000003000400013005001700017008004100034010001700075035001900092040006100111042001200172050002700184110004800211245006700259260004300326300002600369500001900395610005700414999001700471war17000060 DLC20260227112811.0800514s1917 dcuf f000 0 eng c awar17000060  a(OCoLC)6316252 aLibrary, War College Div. General StaffcOCldOCoLCdDLC apremarc00aUF563b.A5 3.8 in 19171 aUnited States.bArmy.bOrdnance Department.10aHandbook of the 3.8-inch gun matériel ...bJanuary 19, 1917. aWashington,bGovt. print. off.,c1917. a53 p.bXI pl.c23 cm. aForm no. 1773.10aUnited States.bArmyxArtillery, Field and mountain. c92308d92308